000 00881nam a22001457a 4500
999 _c518534
_d518534
008 210928b ||||| |||| 00| 0 eng d
100 _aSaxena, Jagdeep
_929604
245 _aDrivers of inclusive rural growth
260 _aKurukshetra
300 _a69(8), Jun, 2021: p.5-9
520 _aCurrently, India is the fifth largest economy of the world having net worth of 2.94 trillion dollar, but the Government has set a goal to become a five trillion dollar economy by 2025. To achieve this, India has set a target of one trillion dollar from agriculture, three trillion dollar from services and one trillion dollar from manufacturing sector. The rural economy of India generates about half of the national income and more than two- third of the employment is generated in the rural areas. – Reproduced
773 _aKurukshetra
906 _aRURAL DEVELOPMENT
942 _cAR